000 00294nam a22001337a 4500
041 _aENG
100 _aKelly.S.G
245 _aFundamentals Of Mechanical Vibrations
250 _aSecond Ed
260 _aDelhi
_bNcGraw -Hill
_c2000
300 _a629
650 _aFMP
856 _uFMP ( 04 )
999 _c1469
_d1469